| 000 | 00572nam a2200193 u 4500 | ||
|---|---|---|---|
| 005 | 20210223133743.0 | ||
| 008 | 190206s2016 mx r 000 0 spa d | ||
| 020 | _a9786076226810 | ||
| 035 | _aUPN01000228814 | ||
| 049 | _aCG | ||
| 050 | 4 |
_aQA76.754 _bA6.7 |
|
| 245 | 0 | 0 | _aAprender Office 2016 con 100 ejercicios prácticos. |
| 260 |
_aMéxico : _bAlfaomega, _c2016. |
||
| 300 |
_a213 p. : _bil. |
||
| 440 | 0 | _aAprender... con 100 ejercicios prácticos para formarse sin esfuerzo | |
| 650 | 4 |
_aPROGRAMAS PARA COMPUTADORA _95469 |
|
| 905 | _aLibro | ||
| 999 |
_c200909 _d200909 |
||